000 00590nam a2200217Ia 4500
003 OSt
005 20221006152956.0
006 a|||||r|||| 00| 0
007 ta
008 221006b |||||||| |||| 00| 0 eng d
024 _a30,711
037 _cTextual
040 _aEASL
_cEASL
_beng
041 _2eng
_aeng
100 _aENDICOTT John E
_9108254
245 0 _aJapan's nuclear option
_b Political, technical and strategic factors
260 _aLondon
_bPraeger Publication
_c1975
300 _a289p.
_ccm.
942 _cTEXL
_2CC
999 _c1098797
_d1098797